[Event "Printanier op Online"]
[Site "Montreal CAN"]
[Date "2021.04.18"]
[Round "4"]
[White "Couture, Jonathan"]
[Black "Stevenson, Larissa"]
[Result "1/2-1/2"]
[WhiteElo "1838"]
[BlackElo "1420"]
[PlyCount "139"]
[EventDate "2021.04.16"]
[EventType "swiss"]
[EventRounds "5"]
[EventCountry "CAN"]

1. e4 e6 2. b3 Nc6 3. Bb2 d5 4. Bb5 dxe4 5. Qe2 Bd7 6. Qxe4 Qg5 7. Nc3 Nf6 8.
Qf3 O-O-O 9. O-O-O Nd4 10. Bxd7+ Rxd7 11. Qg3 Qf5 12. d3 Nh5 13. Qh3 Qxf2 14.
Rd2 Qe1+ 15. Rd1 Qe5 16. Kb1 Nf4 17. Qg3 Nf5 18. Nf3 Nxg3 19. Nxe5 Nxh1 20.
Nxd7 Kxd7 21. g3 Nf2 22. Rf1 N4h3 23. Ne2 Be7 24. Bxg7 Rg8 25. Bd4 Rg6 26. Nf4
Nxf4 27. Rxf2 Nh3 28. Rxf7 Ng5 29. Rf1 Kd6 30. h4 e5 31. Bc3 Ne6 32. Bb4+ c5
33. Be1 Rf6 34. Rxf6 Bxf6 35. c3 Kd5 36. Kc2 e4 37. Kd2 exd3 38. Kxd3 b5 39.
c4+ bxc4+ 40. bxc4+ Ke5 41. Bc3+ Nd4 42. a4 Kf5 43. a5 Kg4 44. Ke4 Kxg3 45. Kd5
Kxh4 46. Be1+ Kg4 47. Kxc5 h5 48. Kd5 Nb3 49. c5 Nxc5 50. Kxc5 Bh4 51. Bxh4
Kxh4 52. Kc6 Kg5 53. a6 h4 54. Kb7 h3 55. Kxa7 h2 56. Kb8 h1=Q 57. a7 Qb1+ 58.
Kc7 Qc2+ 59. Kb7 Qe4+ 60. Kb8 Qe5+ 61. Kb7 Qb5+ 62. Kc7 Qa6 63. Kb8 Qd6+ 64.
Kb7 Qd7+ 65. Kb8 Qd8+ 66. Kb7 Qd5+ 67. Kb8 Qb5+ 68. Kc7 Qa5+ 69. Kb7 Qxa7+ 70.
Kxa7 1/2-1/2

[Event "Printanier op Online"]
[Site "Montreal CAN"]
[Date "2021.04.18"]
[Round "4"]
[White "Fundaro, Jean-Pierre"]
[Black "Lynch, Jonathan"]
[Result "1-0"]
[WhiteElo "1608"]
[BlackElo "1614"]
[PlyCount "95"]
[EventDate "2021.04.16"]
[EventType "swiss"]
[EventRounds "5"]
[EventCountry "CAN"]

1. e4 d6 2. d4 Nf6 3. Nc3 Nbd7 4. Be3 e5 5. Qd2 c6 6. h3 Be7 7. O-O-O b5 8. f3
a6 9. h4 h5 10. g3 Qa5 11. Kb1 Qc7 12. Nh3 exd4 13. Bxd4 Bb7 14. Ng5 c5 15.
Bxf6 Bxf6 16. Nd5 Qd8 17. Nxf6+ gxf6 18. Nh3 Ne5 19. Be2 Ke7 20. Nf4 Qb6 21.
Nd5+ Bxd5 22. Qxd5 Rab8 23. b3 c4 24. f4 Nd7 25. Bxh5 Rxh5 26. Qxh5 c3 27. Qd5
Rc8 28. e5 fxe5 29. fxe5 Nxe5 30. Rhe1 f6 31. Qd4 Qc6 32. Qg4 Kd8 33. Qe6 Kc7
34. Qxf6 Qc5 35. Ka1 Qa3 36. Rb1 a5 37. Rxe5 dxe5 38. Qxe5+ Kb7 39. Qxb5+ Ka7
40. Qd7+ Kb8 41. h5 Rc7 42. Qe8+ Ka7 43. h6 Re7 44. Qf8 a4 45. bxa4 Qd6 46. h7
Ka6 47. Qa8+ Ra7 48. Qc8+ 1-0

[Event "Printanier op Online"]
[Site "Montreal CAN"]
[Date "2021.04.18"]
[Round "4"]
[White "Hemphrey, David"]
[Black "Levesque-Duchesne, Merlin"]
[Result "0-1"]
[WhiteElo "1685"]
[BlackElo "1806"]
[PlyCount "120"]
[EventDate "2021.04.16"]
[EventType "swiss"]
[EventRounds "5"]
[EventCountry "CAN"]

1. d4 d5 2. Nf3 Nf6 3. c4 c6 4. Nc3 e6 5. Bg5 Nbd7 6. e3 Qa5 7. Qc2 Ne4 8. Bf4
Bb4 9. Rc1 Qxa2 10. Bd3 Bxc3+ 11. bxc3 Qxc2 12. Rxc2 Ndf6 13. Ke2 dxc4 14. Bxc4
Nd5 15. Bxd5 cxd5 16. Ra1 Bd7 17. Ne5 Bb5+ 18. c4 Ba6 19. Ke1 f6 20. Rxa6 bxa6
21. Nd3 g5 22. Bg3 Rc8 23. c5 h5 24. Ra2 h4 25. Bd6 Nxd6 26. cxd6 Rc6 27. Nc5
Rxd6 28. Nxa6 Kf7 29. Ke2 Rc8 30. Kf3 Kg6 31. Nc5 Ra8 32. Nb7 Rb6 33. Nc5 a5
34. h3 Kf5 35. g4+ hxg3 36. fxg3 a4 37. Ra3 Rb4 38. Ke2 g4 39. h4 e5 40. Kd3
Rc4 41. Nb3 Rb8 42. Nd2 Rcb4 43. Kc3 R8b7 44. Ra2 Ke6 45. Ra3 Kd6 46. Ra2 Kc6
47. Kd3 e4+ 48. Kc3 Kb5 49. Kc2 Rc7+ 50. Kd1 Rc3 51. Ke2 a3 52. h5 Rb2 53.
Rxb2+ axb2 54. h6 Rc1 55. h7 Rh1 56. h8=Q Rxh8 57. Kd1 Kb4 58. Kc2 Ka3 59. Nb1+
Ka2 60. Nc3+ Ka1 0-1

[Event "Printanier op Online"]
[Site "Montreal CAN"]
[Date "2021.04.18"]
[Round "4"]
[White "Lesage, Philippe"]
[Black "Han, Johnathan"]
[Result "0-1"]
[WhiteElo "1829"]
[BlackElo "1945"]
[PlyCount "102"]
[EventDate "2021.04.16"]
[EventType "swiss"]
[EventRounds "5"]
[EventCountry "CAN"]

1. c4 e5 2. g3 c6 3. Bg2 d5 4. cxd5 cxd5 5. d4 e4 6. Nc3 Nf6 7. Bg5 Bb4 8. Qb3
Nc6 9. e3 Be6 10. Nge2 O-O 11. O-O Be7 12. Bxf6 Bxf6 13. Nf4 Na5 14. Qd1 g5 15.
Nxe6 fxe6 16. Qg4 Qe7 17. Bh3 Rae8 18. b3 Nc6 19. Rac1 Qf7 20. Qe2 h5 21. Bg2
g4 22. h3 Qg6 23. h4 Rc8 24. Qb5 Qf7 25. Ne2 a6 26. Qa4 Be7 27. Nf4 Bd6 28. Rc3
Ra8 29. Rxc6 bxc6 30. Qxc6 Bxf4 31. exf4 Rfc8 32. Qd6 Rd8 33. Qb6 Qd7 34. Rd1
Rdb8 35. Qa5 Rc8 36. Qd2 Qf7 37. Bf1 Rc6 38. Rc1 Rac8 39. Rxc6 Rxc6 40. b4 Kh7
41. b5 axb5 42. Bxb5 Rc8 43. a4 Qc7 44. Kg2 Qc2 45. Qb4 Rc7 46. Kg1 e3 47. fxe3
Qe4 48. Qd2 Kg7 49. Bd3 Qf3 50. Qf2 Qd1+ 51. Bf1 Rc2 0-1

[Event "Printanier op Online"]
[Site "Montreal CAN"]
[Date "2021.04.18"]
[Round "4"]
[White "Sharifi, Sam"]
[Black "Mok, Yuen Tak"]
[Result "0-1"]
[WhiteElo "1618"]
[BlackElo "2069"]
[PlyCount "130"]
[EventDate "2021.04.16"]
[EventType "swiss"]
[EventRounds "5"]
[EventCountry "CAN"]

1. d4 d5 2. c4 c6 3. Nc3 Nf6 4. Nf3 e6 5. Bg5 Nbd7 6. a3 dxc4 7. e3 b5 8. a4
Bb4 9. Be2 Bb7 10. O-O a6 11. Bh4 O-O 12. Qc2 Qb6 13. h3 Rfc8 14. Rfc1 c5 15.
Bxf6 Nxf6 16. axb5 axb5 17. b3 Rxa1 18. Rxa1 cxd4 19. Na2 d3 20. Qb1 Bd6 21.
Bf1 Bxf3 22. gxf3 Be5 23. bxc4 Bxa1 24. Bxd3 Be5 25. cxb5 Qc5 26. f4 Bd6 27. f5
Qe5 28. Kf1 exf5 29. Bxf5 Rb8 30. Bd3 g6 31. Qc2 Qc5 32. Qb2 Be5 33. Qb3 Rb7
34. Be2 Ne8 35. Bf3 Qxb5+ 36. Qxb5 Rxb5 37. Kg2 Nc7 38. Nc1 Kg7 39. Ne2 Rb2 40.
Nc1 Rb8 41. Nd3 Bd6 42. Ne1 f6 43. Nc2 Be5 44. Ne1 Rb3 45. Bc6 Rc3 46. Bb7 f5
47. Nf3 Kf6 48. h4 h6 49. Nd2 g5 50. hxg5+ hxg5 51. Nf1 Ne6 52. Nd2 Nc5 53. Ba8
Nb3 54. Nf1 Rc2 55. Bb7 Nd2 56. Ng3 Bxg3 57. Kxg3 Ne4+ 58. Kg2 Rxf2+ 59. Kg1
Rb2 60. Bd5 Ke5 61. Ba8 g4 62. Kf1 g3 63. Bxe4 Kxe4 64. Kg1 Kf3 65. e4 Rb1# 0-1

[Event "Printanier op Online"]
[Site "Montreal CAN"]
[Date "2021.04.18"]
[Round "4"]
[White "Turcotte, Jonathan"]
[Black "Guipi Bopala, Prince Eric jr"]
[Result "0-1"]
[WhiteElo "2028"]
[BlackElo "1866"]
[PlyCount "104"]
[EventDate "2021.04.16"]
[EventType "swiss"]
[EventRounds "5"]
[EventCountry "CAN"]

1. d4 d5 2. c4 e6 3. Nf3 Be7 4. Nc3 Nf6 5. Bf4 O-O 6. e3 c5 7. dxc5 Bxc5 8.
cxd5 exd5 9. Rc1 Bb6 10. Be2 Nc6 11. O-O Be6 12. Qa4 Qe7 13. Rfd1 Rfd8 14. Nb5
Rac8 15. Nbd4 Nxd4 16. Nxd4 Bd7 17. Qb3 Rxc1 18. Rxc1 Bxd4 19. Rd1 Bb6 20. Rd3
Rc8 21. h3 Bf5 22. Rd2 Rc1+ 23. Kh2 Bc7 24. Bf3 Bxf4+ 25. exf4 Qc7 26. g3 h6
27. Bxd5 Nxd5 28. Qxd5 Qc6 29. Qxc6 Rxc6 30. g4 Bb1 31. a3 Rc2 32. Rxc2 Bxc2
33. Kg3 Kf8 34. f5 Ke7 35. Kf4 Kd6 36. h4 f6 37. g5 fxg5+ 38. hxg5 hxg5+ 39.
Kxg5 Ke5 40. Kg6 Bxf5+ 41. Kxg7 Bd3 42. Kf7 Kf4 43. Ke6 Kf3 44. Kd6 Kxf2 45.
Kc7 Be4 46. a4 Ke3 47. a5 Kd4 48. a6 bxa6 49. Kd6 Kc4 50. Ke5 Kb3 51. Kd4 a5
52. Kc5 a4 0-1

[Event "Printanier op Online"]
[Site "Montreal CAN"]
[Date "2021.04.18"]
[Round "5"]
[White "Han, Johnathan"]
[Black "Guipi Bopala, Prince Eric jr"]
[Result "1-0"]
[WhiteElo "1945"]
[BlackElo "1866"]
[PlyCount "121"]
[EventDate "2021.04.16"]
[EventType "swiss"]
[EventRounds "5"]
[EventCountry "CAN"]

1. e4 c6 2. d4 d5 3. Nd2 dxe4 4. Nxe4 Bf5 5. Ng3 Bg6 6. h4 h6 7. Nf3 Nd7 8. h5
Bh7 9. Bd3 Bxd3 10. Qxd3 e6 11. Bd2 Ngf6 12. O-O-O Be7 13. Kb1 O-O 14. Ne4 Nxe4
15. Qxe4 Nf6 16. Qe2 Qd5 17. Be3 Bd6 18. c4 Qe4+ 19. Ka1 Ng4 20. Nd2 Qf5 21. f3
Nxe3 22. Qxe3 Bf4 23. Qe4 Bxd2 24. Qxf5 exf5 25. Rxd2 Rfe8 26. Kb1 Kf8 27. Kc2
Re3 28. Rd3 Re2+ 29. Rd2 Re3 30. Rhd1 Ke7 31. d5 cxd5 32. Rxd5 Re2+ 33. Kc3
Rxg2 34. Rd7+ Kf6 35. Rxb7 Rf2 36. c5 Rc8 37. b4 Rxf3+ 38. Kc4 f4 39. Rd6+ Ke5
40. Re7+ Kf5 41. Rxf7+ Kg5 42. c6 Rf1 43. Kb5 Rc1 44. Rd5+ Kg4 45. Rc5 Rxc5+
46. bxc5 Kxh5 47. c7 Kg6 48. Rd7 f3 49. Kc6 f2 50. Rd1 Kf5 51. Kb7 Rxc7+ 52.
Kxc7 Ke4 53. Kd6 Ke3 54. c6 Ke2 55. Rb1 g5 56. c7 f1=Q 57. Rxf1 Kxf1 58. c8=Q
h5 59. Qh3+ Kf2 60. Qxh5 g4 61. Qxg4 1-0

[Event "Printanier op Online"]
[Site "Montreal CAN"]
[Date "2021.04.18"]
[Round "5"]
[White "Hemphrey, David"]
[Black "Fundaro, Jean-Pierre"]
[Result "1-0"]
[WhiteElo "1685"]
[BlackElo "1608"]
[PlyCount "125"]
[EventDate "2021.04.16"]
[EventType "swiss"]
[EventRounds "5"]
[EventCountry "CAN"]

1. d4 d5 2. Nf3 Nf6 3. c4 e6 4. Nc3 c5 5. e3 Nc6 6. Be2 cxd4 7. Nxd4 Bc5 8. Nb3
Bb6 9. cxd5 exd5 10. O-O O-O 11. Na4 Re8 12. Nxb6 axb6 13. Bf3 Be6 14. Nd4 Nxd4
15. Qxd4 b5 16. Be2 Ra4 17. Qd1 Bg4 18. b3 Bxe2 19. Qxe2 Rg4 20. Bb2 Rg6 21.
Rfd1 Ne4 22. Qxb5 Rf8 23. Qxd5 Qh4 24. g3 Qg4 25. Rd4 Re6 26. Kg2 Qe2 27. Rxe4
Rxe4 28. Qxe4 Qxb2 29. Qb1 Qe2 30. a4 Rd8 31. Ra2 Qa6 32. Qe4 h6 33. Rc2 b6 34.
Rc6 Rd1 35. Qc4 Qb7 36. e4 Qd7 37. e5 Rd4 38. e6 fxe6 39. Qxe6+ Qxe6 40. Rxe6
Rb4 41. Re3 Kf7 42. f4 Kf6 43. Kf3 h5 44. Ke2 Rd4 45. Rd3 Rb4 46. Kf3 g6 47. h3
Kf5 48. g4+ hxg4+ 49. hxg4+ Kf6 50. Kg3 Ke6 51. Rf3 Kf6 52. Kh4 Kg7 53. Kg5 Rd4
54. Rc3 Rd5+ 55. f5 gxf5 56. Rc7+ Kf8 57. gxf5 Rd3 58. Kf6 Ke8 59. b4 Rd4 60.
a5 Rxb4 61. a6 Ra4 62. a7 Kd8 63. Rb7 1-0

[Event "Printanier op Online"]
[Site "Montreal CAN"]
[Date "2021.04.18"]
[Round "5"]
[White "Levesque-Duchesne, Merlin"]
[Black "Sharifi, Sam"]
[Result "1-0"]
[WhiteElo "1806"]
[BlackElo "1618"]
[PlyCount "55"]
[EventDate "2021.04.16"]
[EventType "swiss"]
[EventRounds "5"]
[EventCountry "CAN"]

1. d4 d5 2. c4 e6 3. Nf3 Nf6 4. Nc3 Bb4 5. cxd5 Nxd5 6. Bd2 Bxc3 7. bxc3 O-O 8.
e4 Ne7 9. Bc4 b6 10. Qe2 Bb7 11. O-O Nd7 12. Rad1 Nf6 13. e5 Nd7 14. Bg5 c6 15.
Qe4 g6 16. Qh4 Re8 17. Rd3 b5 18. Bb3 Nb6 19. Bf6 h5 20. g4 Qc7 21. gxh5 Nf5
22. Qg4 Nd7 23. hxg6 Nxf6 24. gxf7+ Kxf7 25. Qxf5 Rg8+ 26. Ng5+ Ke7 27. Qxe6+
Kd8 28. Qxf6+ 1-0

[Event "Printanier op Online"]
[Site "Montreal CAN"]
[Date "2021.04.18"]
[Round "5"]
[White "Mok, Yuen Tak"]
[Black "Couture, Jonathan"]
[Result "1-0"]
[WhiteElo "2069"]
[BlackElo "1838"]
[PlyCount "81"]
[EventDate "2021.04.16"]
[EventType "swiss"]
[EventRounds "5"]
[EventCountry "CAN"]

1. e4 Nf6 2. e5 Nd5 3. c4 Nb6 4. d4 d6 5. exd6 exd6 6. Nc3 Nc6 7. Be3 Be7 8.
Bd3 Nb4 9. Be2 Bf5 10. Rc1 O-O 11. Nf3 Bf6 12. O-O Re8 13. b3 a5 14. Qd2 h6 15.
Rfd1 c6 16. h3 g5 17. Nb1 Nd7 18. a3 Na6 19. Bd3 Bxd3 20. Qxd3 Nc7 21. Nc3 Ne6
22. Ne4 Be7 23. Ng3 Ng7 24. Nf5 Nxf5 25. Qxf5 Nf8 26. h4 f6 27. Qd3 Qd7 28. Re1
Bd8 29. Bd2 Bc7 30. d5 c5 31. Bc3 Kf7 32. hxg5 hxg5 33. Nd2 Rxe1+ 34. Rxe1 Re8
35. Rxe8 Qxe8 36. Ne4 f5 37. Nxg5+ Kg6 38. Qg3 Kh5 39. Nf3 Qe7 40. Qh3+ Kg6 41.
Nh4+ 1-0

[Event "Printanier op Online"]
[Site "Montreal CAN"]
[Date "2021.04.18"]
[Round "5"]
[White "Stevenson, Larissa"]
[Black "Turcotte, Jonathan"]
[Result "1/2-1/2"]
[WhiteElo "1420"]
[BlackElo "2028"]
[PlyCount "110"]
[EventDate "2021.04.16"]
[EventType "swiss"]
[EventRounds "5"]
[EventCountry "CAN"]

1. d4 d5 2. c4 c6 3. e3 Nf6 4. Nc3 e6 5. Nf3 Nbd7 6. Be2 dxc4 7. Bxc4 b5 8. Bd3
Bb7 9. a3 a5 10. O-O b4 11. axb4 axb4 12. Rxa8 Qxa8 13. Na4 c5 14. dxc5 Nxc5
15. Bb5+ Bc6 16. Bxc6+ Qxc6 17. Nxc5 Bxc5 18. Qc2 O-O 19. Bd2 Qd5 20. Rc1 Ne4
21. Be1 Rd8 22. Qc4 f5 23. Nd4 Bxd4 24. exd4 b3 25. h3 Kf7 26. Qb4 Rd7 27. Rc8
Nd6 28. Rc5 Qb7 29. Qxb7 Rxb7 30. f3 Nb5 31. d5 e5 32. Kf2 Ke7 33. Rc6 Nd4 34.
Ra6 Rd7 35. Bb4+ Kf7 36. d6 Ke6 37. Ra8 Kd5 38. Rc8 e4 39. fxe4+ fxe4 40. Rc7
Ke6 41. Rc4 Rf7+ 42. Ke3 Nf5+ 43. Kxe4 Nxd6+ 44. Bxd6 Kxd6 45. Rb4 Rf2 46. Rxb3
Rxg2 47. Kf3 Rg1 48. Rb6+ Kc7 49. Rb4 h5 50. h4 Kc6 51. Rf4 g6 52. Kf2 Rb1 53.
Rf6+ Kd5 54. Rxg6 Rxb2+ 55. Ke3 Ke5 1/2-1/2

[Event "Printanier op U1100 Online"]
[Site "Montreal CAN"]
[Date "2021.04.17"]
[Round "2"]
[White "Chelkowski, Jan"]
[Black "Dupont, Louis"]
[Result "1-0"]
[WhiteElo "1073"]
[BlackElo "1051"]
[PlyCount "75"]
[EventDate "2021.04.16"]
[EventType "swiss"]
[EventRounds "5"]
[EventCountry "CAN"]

1. e4 e5 2. Nf3 Nc6 3. Bc4 Nf6 4. Ng5 d5 5. exd5 Nxd5 6. d3 Be7 7. Qf3 Nf6 8.
Nxf7 Qd7 9. Nxh8 b6 10. Qg3 g6 11. Nf7 Bb7 12. Nxe5 Nxe5 13. Qxe5 O-O-O 14. f3
Kb8 15. Bf4 Nh5 16. Bb5 Nxf4 17. Bxd7 Rxd7 18. Qxf4 g5 19. Qd2 h6 20. Qc3 Rd8
21. Na3 h5 22. Nb5 Rc8 23. Qg7 Bd8 24. Nd4 g4 25. O-O g3 26. hxg3 h4 27. Rae1
hxg3 28. Qxg3 Be7 29. Rxe7 a5 30. Nb5 Bc6 31. Rxc7 Rxc7 32. Nxc7 Kb7 33. Ne6
Ka6 34. Re1 Bb5 35. Nd4 Ba4 36. Re8 b5 37. Ra8+ Kb7 38. Qb8# 1-0

[Event "Printanier op U1100 Online"]
[Site "Montreal CAN"]
[Date "2021.04.18"]
[Round "4"]
[White "Chelkowski, Jan"]
[Black "Wu, Yuchen"]
[Result "0-1"]
[WhiteElo "1073"]
[BlackElo "1064"]
[PlyCount "60"]
[EventDate "2021.04.16"]
[EventType "swiss"]
[EventRounds "5"]
[EventCountry "CAN"]

1. e4 c5 2. Bc4 Nf6 3. Nc3 e5 4. Nf3 d6 5. Ng5 d5 6. exd5 Nxd5 7. Nxf7 Kxf7 8.
Bxd5+ Ke8 9. Qf3 Qc7 10. Nb5 Qd7 11. Qh5+ Kd8 12. Qxe5 Qxb5 13. Qg5+ Ke8 14.
Qe5+ Kd8 15. Qg5+ Kc7 16. Qe5+ Kb6 17. a4 Qd7 18. a5+ Ka6 19. Bc4+ b5 20. axb6+
Kxb6 21. Ra6+ Nxa6 22. O-O Bd6 23. Qc3 Qg4 24. Qb3+ Nb4 25. c3 Bb7 26. f3 Qf4
27. g3 Qf6 28. cxb4 cxb4 29. Qe3+ Bc5 30. d4 Bxd4 0-1

[Event "Printanier op U1100 Online"]
[Site "Montreal CAN"]
[Date "2021.04.18"]
[Round "5"]
[White "Wu, Yuchen"]
[Black "Dupont, Louis"]
[Result "1-0"]
[WhiteElo "1064"]
[BlackElo "1051"]
[PlyCount "77"]
[EventDate "2021.04.16"]
[EventType "swiss"]
[EventRounds "5"]
[EventCountry "CAN"]

1. d4 d5 2. Bf4 Nf6 3. e3 Nc6 4. Nf3 e6 5. c4 dxc4 6. Bxc4 Bb4+ 7. Nc3 O-O 8.
Ne5 Nxe5 9. dxe5 Nd5 10. Bxd5 exd5 11. O-O Be6 12. a3 Bc5 13. Qf3 a6 14. Rfd1
c6 15. e4 Qd7 16. exd5 cxd5 17. Nxd5 Bxd5 18. Rxd5 Qc6 19. h3 Rad8 20. Rxd8
Rxd8 21. Qxc6 bxc6 22. Rc1 Bd4 23. Rxc6 a5 24. b4 axb4 25. axb4 h6 26. Rc1 Rb8
27. Rc4 Bb2 28. f3 Ba3 29. Bd2 Bb2 30. f4 Rd8 31. Bc3 Bc1 32. b5 Bxf4 33. Rxf4
Rc8 34. Bd4 Kf8 35. e6 Rc7 36. b6 Rb7 37. exf7 Rxf7 38. Rxf7+ Kxf7 39. b7 1-0

[Event "Printanier op U1600 Online"]
[Site "Montreal CAN"]
[Date "2021.04.16"]
[Round "1"]
[White "Alikaj, Noel"]
[Black "Dugas, Hugues"]
[Result "1-0"]
[WhiteElo "1206"]
[BlackElo "1447"]
[PlyCount "157"]
[EventDate "2021.04.16"]
[EventType "swiss"]
[EventRounds "5"]
[EventCountry "CAN"]

1. g3 g6 2. Bg2 Bg7 3. d4 c6 4. Nc3 Nf6 5. Nf3 O-O 6. O-O d5 7. Re1 Bg4 8. Bf4
Qb6 9. Rb1 Nbd7 10. h3 Bxf3 11. Bxf3 Rfe8 12. e3 e5 13. dxe5 Nxe5 14. Bxe5 Rxe5
15. Qd4 Qc7 16. Qc5 Nd7 17. Qb4 a5 18. Qf4 Qd8 19. Bg2 Nf8 20. e4 Ne6 21. Qd2
d4 22. Ne2 c5 23. f4 Rh5 24. e5 Rb8 25. Nc1 g5 26. f5 Nc7 27. Qxa5 b6 28. Qd2
Nd5 29. g4 Rh4 30. Bxd5 Qxd5 31. Qg2 Qd7 32. Nd3 h5 33. Qg3 hxg4 34. hxg4 Qd5
35. Kf2 Qc4 36. Rbc1 Re8 37. b3 Qd5 38. a4 Bf8 39. Nf4 Qd8 40. Nh5 Bg7 41. f6
Bh8 42. Rh1 Rxh1 43. Rxh1 Qd5 44. Re1 Rd8 45. Qd3 Re8 46. Qf5 d3 47. Qxd3 Rxe5
48. Qxd5 Rxd5 49. Re8+ Kh7 50. Rf8 Rd7 51. Ke3 Rb7 52. Ng3 Bxf6 53. Ne4 Bd4+
54. Kd3 Kg7 55. Rd8 f6 56. Nd6 Ra7 57. Nf5+ Kf7 58. Nxd4 cxd4 59. Rxd4 Re7 60.
Kc3 Kg6 61. Kb4 Re6 62. c4 f5 63. a5 bxa5+ 64. Kxa5 f4 65. Rd1 Kf6 66. b4 Ke7
67. b5 Rd6 68. Re1+ Kd7 69. b6 Kc6 70. Ka6 Rd7 71. Re6+ Kc5 72. b7 Rxb7 73.
Kxb7 Kxc4 74. Re5 Kd3 75. Rxg5 f3 76. Rf5 Ke2 77. g5 f2 78. Rxf2+ Kxf2 79. g6
1-0

[Event "Printanier op U1600 Online"]
[Site "Montreal CAN"]
[Date "2021.04.16"]
[Round "1"]
[White "Hou, Yuanen"]
[Black "Mehri, Shikib"]
[Result "0-1"]
[WhiteElo "1103"]
[BlackElo "1302"]
[PlyCount "84"]
[EventDate "2021.04.16"]
[EventType "swiss"]
[EventRounds "5"]
[EventCountry "CAN"]

1. e4 c5 2. c4 g6 3. g3 Bg7 4. Bg2 Nc6 5. Nf3 Nf6 6. Nc3 O-O 7. O-O b6 8. b3
Bb7 9. d3 Nxe4 10. dxe4 Bxc3 11. Rb1 Bg7 12. Bb2 Nb4 13. Bxg7 Kxg7 14. Qe2 d6
15. a3 Nc6 16. Rfd1 f6 17. b4 Qc7 18. b5 Ne5 19. Nxe5 fxe5 20. Ra1 Qd7 21. a4
Qe6 22. h3 Rf7 23. a5 Raf8 24. axb6 axb6 25. Re1 Rxf2 26. Qxf2 Rxf2 27. Kxf2
Qxc4 28. Ra7 Bc8 29. Rxe7+ Kh6 30. Rc7 Be6 31. Rc6 Qxb5 32. Rxd6 Bb3 33. Rb1 c4
34. Bf1 Qc5+ 35. Kg2 Qxd6 36. Rb2 Qd4 37. Re2 c3 38. h4 Bc4 39. Rc2 Qxe4+ 40.
Kh3 Bxf1+ 41. Kh2 Qxc2+ 42. Kh1 Qg2# 0-1

[Event "Printanier op U1600 Online"]
[Site "Montreal CAN"]
[Date "2021.04.16"]
[Round "1"]
[White "Joseph, Jonath"]
[Black "Cormier, Benoit"]
[Result "0-1"]
[WhiteElo "1016"]
[BlackElo "1283"]
[PlyCount "112"]
[EventDate "2021.04.16"]
[EventType "swiss"]
[EventRounds "5"]
[EventCountry "CAN"]

1. e4 c5 2. c3 e6 3. d4 d5 4. exd5 exd5 5. Nf3 Nc6 6. Be3 Nf6 7. Bb5 Bd7 8. O-O
c4 9. Re1 Be7 10. Bg5 O-O 11. Bxc6 Bxc6 12. Ne5 Qc7 13. Nxc6 bxc6 14. Nd2 Rfe8
15. Nf3 Ne4 16. Bxe7 Rxe7 17. Nd2 Rae8 18. Nxe4 Rxe4 19. Rxe4 Rxe4 20. Qd2 Qe7
21. f3 Re2 22. Qd1 Qe3+ 23. Kh1 Qf2 24. Qf1 Qxf1+ 25. Rxf1 Rxb2 26. Re1 Kf8 27.
Ra1 a5 28. Kg1 a4 29. h3 h5 30. Kh2 g5 31. h4 f6 32. hxg5 fxg5 33. Kh3 Kg7 34.
g4 h4 35. f4 Kg6 36. f5+ Kf6 37. Re1 Rc2 38. Re6+ Kf7 39. Rxc6 Rxc3+ 40. Kh2
Rg3 41. Rd6 Rxg4 42. Rxd5 Rf4 43. Rc5 Rxd4 44. Rc6 Rd2+ 45. Kh3 Rd3+ 46. Kg4 c3
47. Kxg5 h3 48. Rc7+ Kf8 49. Kf6 Rd6+ 50. Ke5 Rh6 51. f6 h2 52. Kf5 h1=Q 53.
Rc8+ Kf7 54. Rc7+ Ke8 55. f7+ Kf8 56. Rc8+ Kxf7 0-1

[Event "Printanier op U1600 Online"]
[Site "Montreal CAN"]
[Date "2021.04.16"]
[Round "1"]
[White "Le, Brandon"]
[Black "Li, Jack"]
[Result "0-1"]
[WhiteElo "1192"]
[BlackElo "1348"]
[PlyCount "84"]
[EventDate "2021.04.16"]
[EventType "swiss"]
[EventRounds "5"]
[EventCountry "CAN"]

1. Nf3 Nf6 2. g3 g6 3. Bg2 Bg7 4. O-O O-O 5. d3 d5 6. Nbd2 c5 7. e4 Nc6 8. exd5
Nxd5 9. Nc4 b5 10. Ne3 e6 11. Rb1 Rb8 12. Nxd5 exd5 13. Bf4 Rb6 14. Re1 Re8 15.
c3 Bf5 16. Qd2 c4 17. Rxe8+ Qxe8 18. Re1 Qd7 19. dxc4 dxc4 20. Qxd7 Bxd7 21.
Be5 Nxe5 22. Nxe5 Re6 23. Nf3 Rxe1+ 24. Nxe1 a5 25. a3 Bh6 26. Bb7 Bc1 27. Ba6
Bxb2 28. a4 bxa4 29. Bxc4 Bxc3 30. Nc2 Bb2 31. Ba2 a3 32. Kf1 Be6 33. Bxe6 fxe6
34. Ke2 a2 35. Kd3 a1=Q 36. Nxa1 Bxa1 37. Kc2 Kf7 38. Kb3 Kf6 39. Ka4 Bc3 40.
f3 e5 41. g4 Kg5 42. h3 Kf4 0-1

[Event "Printanier op U1600 Online"]
[Site "Montreal CAN"]
[Date "2021.04.16"]
[Round "1"]
[White "Masters, Tristan"]
[Black "Zhu, Isabelle"]
[Result "1-0"]
[WhiteElo "1353"]
[BlackElo "1194"]
[PlyCount "79"]
[EventDate "2021.04.16"]
[EventType "swiss"]
[EventRounds "5"]
[EventCountry "CAN"]

1. d4 d5 2. c4 e6 3. Nc3 Nf6 4. Bg5 Be7 5. Nf3 h6 6. Bh4 O-O 7. e3 Nbd7 8. h3
dxc4 9. Bxc4 Nb6 10. Be2 c5 11. dxc5 Bxc5 12. Qxd8 Rxd8 13. Bxf6 gxf6 14. O-O
Nd5 15. Rfd1 b6 16. e4 Bb7 17. exd5 exd5 18. Nd4 Bxd4 19. Rxd4 Rac8 20. Bf3 Rc5
21. Rad1 Kg7 22. Bxd5 Bc8 23. Bb3 Rxd4 24. Rxd4 Rg5 25. Kh2 Bb7 26. Bd5 Bc8 27.
Nb5 a5 28. Nd6 Be6 29. Bxe6 fxe6 30. Rg4 e5 31. Rxg5+ hxg5 32. Kg3 Kf8 33. Nc4
Ke7 34. Nxb6 Kd6 35. Nc4+ Kc5 36. Nxa5 Kd4 37. Nc6+ Kd3 38. Kg4 Kc2 39. b4 Kc3
40. b5 1-0

[Event "Printanier op U1600 Online"]
[Site "Montreal CAN"]
[Date "2021.04.16"]
[Round "1"]
[White "Stewart, Taki"]
[Black "Mourad, Michel"]
[Result "0-1"]
[WhiteElo "1470"]
[BlackElo "1216"]
[PlyCount "98"]
[EventDate "2021.04.16"]
[EventType "swiss"]
[EventRounds "5"]
[EventCountry "CAN"]

1. d4 d5 2. Bf4 Bf5 3. e3 e6 4. c4 c6 5. Nf3 Nf6 6. Nc3 Nbd7 7. Bd3 Bxd3 8.
Qxd3 dxc4 9. Qxc4 Nb6 10. Qd3 Bb4 11. a3 Bxc3+ 12. bxc3 O-O 13. O-O c5 14. Rab1
c4 15. Qc2 Nh5 16. Rfe1 Nxf4 17. exf4 Nd5 18. g3 Qa5 19. a4 Qxc3 20. Qxc3 Nxc3
21. Rxb7 Nxa4 22. Ne5 c3 23. Rc7 a5 24. Rc4 Nb6 25. Rxc3 Nd5 26. Ra3 Nb4 27.
Rc1 f6 28. Nf3 Ra6 29. Nd2 Rd8 30. Nb3 Rd5 31. Rc5 Nc6 32. Rxd5 exd5 33. Nc5
Ra7 34. Ne6 Kf7 35. f5 h5 36. h3 g6 37. g4 hxg4 38. hxg4 gxf5 39. gxf5 Ne7 40.
Nf4 Nxf5 41. Nxd5 Nxd4 42. Ra4 Ne6 43. Ne3 Nc5 44. Ra3 a4 45. Kg2 Nb7 46. Kf3
Nd6 47. Kf4 Nb5 48. Ra2 a3 49. Nc4 Ra4 0-1

[Event "Printanier op U1600 Online"]
[Site "Montreal CAN"]
[Date "2021.04.16"]
[Round "1"]
[White "Turgeon-Dalpe, Alexandre"]
[Black "Cowan, Ryan"]
[Result "0-1"]
[WhiteElo "1261"]
[BlackElo "1508"]
[PlyCount "92"]
[EventDate "2021.04.16"]
[EventType "swiss"]
[EventRounds "5"]
[EventCountry "CAN"]

1. e4 e5 2. Nf3 Nc6 3. d4 exd4 4. Nxd4 Bc5 5. Be3 Bb6 6. Bc4 Nf6 7. Nc3 d6 8.
O-O O-O 9. Bb3 Re8 10. Nxc6 bxc6 11. Bxb6 axb6 12. Qd3 Ba6 13. Bc4 b5 14. Nxb5
cxb5 15. Bxb5 Bxb5 16. Qxb5 Rb8 17. Qd3 Rxe4 18. f3 Re5 19. b3 Qd7 20. c4 Rbe8
21. h3 Qc6 22. a4 Re3 23. Qf5 Rxb3 24. Kh2 Rbb8 25. a5 Ra8 26. f4 Qe4 27. Qb5
Reb8 28. Qa4 d5 29. a6 Qxc4 30. Qa5 Ra7 31. Rf3 Qb5 32. Qa3 Rb6 33. Qe7 h6 34.
Rg3 Rbxa6 35. Re1 Qd7 36. Qe5 Ra8 37. Qb2 Rb6 38. Qd4 Re8 39. Rxe8+ Qxe8 40.
Qa1 Rd6 41. Qa7 Qd7 42. Qb8+ Qd8 43. Qb2 d4 44. Qb5 d3 45. Qb3 d2 46. Rg6 d1=Q
0-1

[Event "Printanier op U1600 Online"]
[Site "Montreal CAN"]
[Date "2021.04.16"]
[Round "1"]
[White "Vyshnya, Olexandr"]
[Black "Jackson, Mateo"]
[Result "0-1"]
[WhiteElo "1319"]
[BlackElo "1169"]
[PlyCount "82"]
[EventDate "2021.04.16"]
[EventType "swiss"]
[EventRounds "5"]
[EventCountry "CAN"]

1. c4 c5 2. Nc3 g6 3. g3 Bg7 4. Bg2 Nc6 5. e3 d6 6. Nge2 Bf5 7. a3 Ne5 8. O-O
Qd7 9. d4 cxd4 10. Nxd4 Bd3 11. Re1 Bxc4 12. b3 Ba6 13. b4 Nd3 14. b5 Nxe1 15.
Qxe1 Bxd4 16. bxa6 Bg7 17. axb7 Rb8 18. Rb1 Nf6 19. Qe2 d5 20. Qa6 O-O 21. Qxa7
Qc6 22. Bd2 Ne4 23. Nxe4 dxe4 24. Rb6 Qc2 25. Bb4 Qc1+ 26. Bf1 Qc7 27. Qa6 Rfd8
28. a4 Rd7 29. Bh3 Rxb7 30. Qa8+ Bf8 31. Bxd7 Rxb6 32. Bb5 Rb8 33. Qxe4 Qb7 34.
Qe5 Rc8 35. Bc3 f6 36. Qe6+ Kg7 37. Bc4 Qc6 38. Qg8+ Kh6 39. e4 Qxc4 40. Bd2+
g5 41. Qh8 Bg7 0-1